| 000 | 00993nam a2200301 i 4500 | ||
|---|---|---|---|
| 001 | 000016011 | ||
| 003 | DO-SdBNP | ||
| 005 | 20240909120002.0 | ||
| 006 | a||||gr|||| 00| 0 | ||
| 007 | ta | ||
| 008 | 100223e1974 dr ao 000 j spa d | ||
| 040 |
_aDO-SdBNP _bspa _cBNPHU _erda |
||
| 082 | 4 |
_aRD863.44 _bL333g _222 |
|
| 100 | 1 |
_aLarrazábal Blanco, Carlos, _d1894-1989 _921363 _4aut. _eautor |
|
| 245 | 1 | 0 |
_aGuerra civil / _cCarlos Larrazabal Blanco. |
| 264 | 1 |
_aSanto Domingo, República Dominicana : _bEdiciones Taller, _c1974. |
|
| 300 |
_a59 páginas ; _c19 cm. |
||
| 336 |
_2rdacontent _atexto _btxt |
||
| 337 |
_2rdamedia _asin mediación _bn |
||
| 338 |
_2rdacarrier _avolumen _bnc |
||
| 490 | 0 |
_aBiblioteca Taller ; _v45 |
|
| 500 | _aIncluye datos biográficos del autor en la contracubierta. | ||
| 590 | _aInventariado, 2024 / MF | ||
| 650 | 4 |
_aCuentos dominicanos _9176 |
|
| 650 | 4 |
_aLiteratura dominicana. _967 |
|
| 910 | _aValidado. Control de calidad MFF | ||
| 942 |
_2ddc _cLBS1 |
||
| 999 |
_c15553 _d15553 |
||